[Event "Cto. FACV Ind. Preferente Xeraco 2014"]
[Site "Xeraco ESP"]
[Date "2014.11.08"]
[Round "5.10"]
[White "Soler Nadal, Jose Antonio"]
[Black "Pelegri Castello, Elias"]
[Result "1-0"]
[WhiteElo "1824"]
[BlackElo "1881"]
[PlyCount "87"]
[EventDate "2014.09.27"]
[EventType "swiss"]
[EventRounds "7"]
[EventCountry "ESP"]
[Source "lmi"]
[SourceDate "2014.09.27"]

1. Nf3 Nf6 2. d4 g6 3. Bg5 Bg7 4. Nbd2 h6 5. Bh4 c5 6. e3 b6 7. c3 Bb7 8. Bd3
O-O 9. O-O d6 10. Re1 Nbd7 11. a4 g5 12. Bg3 Nh5 13. Qe2 Nxg3 14. hxg3 e5 15.
dxe5 dxe5 16. e4 Qe7 17. Nc4 Bc8 18. Ne3 Nf6 19. a5 Bd7 20. c4 Bg4 21. Nd5 Nxd5
22. cxd5 Qc7 23. axb6 axb6 24. Bb5 Bd7 25. Nd2 Ra7 26. Rxa7 Qxa7 27. Bxd7 Qxd7
28. Ra1 b5 29. g4 Rb8 30. Nf1 c4 31. Ne3 Bf8 32. Nf5 Kh7 33. Qe3 b4 34. Ra6 Rc8
35. Qh3 f6 36. Rxf6 Bg7 37. Rxh6+ Bxh6 38. Qxh6+ Kg8 39. Qxg5+ Kh7 40. Qh6+ Kg8
41. Qg6+ Kh8 42. Qf6+ Kg8 43. Ne7+ Kh7 44. g5 1-0

[Event "Cto. FACV Ind. Preferente Xeraco 2014"]
[Site "Xeraco ESP"]
[Date "2014.11.15"]
[Round "6.1"]
[White "Ferrer Berenguer, Ligorio"]
[Black "Castillo Pla, Emilio"]
[Result "1/2-1/2"]
[WhiteElo "2032"]
[BlackElo "1903"]
[PlyCount "162"]
[EventDate "2014.09.27"]
[EventType "swiss"]
[EventRounds "7"]
[EventCountry "ESP"]

1. e4 d6 2. Nc3 g6 3. g3 Bg7 4. Bg2 c5 5. Nge2 Nc6 6. d3 e6 7. f4 f5 8. O-O
Nge7 9. Be3 Nd4 10. Qd2 Nec6 11. Rae1 O-O 12. Nd1 Bd7 13. Nc1 Na5 14. c3 Nb5
15. e5 Bc6 16. exd6 Bxg2 17. Qxg2 Qxd6 18. a4 Nc7 19. Qc2 Nd5 20. Bf2 b6 21.
Ne3 Rac8 22. Rd1 Qc6 23. Rfe1 Nf6 24. Rd2 c4 25. Nxc4 Nxc4 26. dxc4 Ne4 27.
Rde2 Nxf2 28. Rxf2 Qxc4 29. Qb3 Rfd8 30. Rfe2 Qc5+ 31. Kf1 Qc4 32. a5 b5 33. a6
Rb8 34. Qxc4 bxc4 35. Na2 Rd6 36. Nb4 Kf7 37. Ra1 Rb5 38. Ra4 e5 39. fxe5 Rxe5
40. Rxe5 Bxe5 41. Ra5 Ke6 42. Rc5 Rd2 43. Nc6 Bd6 44. Rxc4 Rxb2 45. Kg1 Kd5 46.
Na5 Ra2 47. Rd4+ Ke6 48. Nb7 Rxa6 49. Nxd6 Rxd6 50. Ra4 a6 51. Ra5 Rc6 52. Kg2
Rxc3 53. Rxa6+ Ke5 54. Ra5+ Ke4 55. h4 Rc2+ 56. Kh3 Rc3 57. Ra4+ Ke5 58. Ra5+
Kf6 59. Ra6+ Kf7 60. Ra5 Rc7 61. h5 Kf6 62. hxg6 hxg6 63. Kg2 g5 64. Kf3 Rc6
65. Ra8 Rd6 66. Rf8+ Ke5 67. Re8+ Kf6 68. Rf8+ Kg6 69. Rg8+ Kh6 70. Rf8 Rd3+
71. Kf2 Kg6 72. Rg8+ Kh5 73. Ra8 Kg4 74. Ra4+ f4 75. gxf4 Rf3+ 76. Kg2 Rxf4 77.
Ra2 Rc4 78. Rb2 Kf4 79. Ra2 g4 80. Rf2+ Kg5 81. Rf8 Rc2+ 1/2-1/2

[Event "Cto. FACV Ind. Preferente Xeraco 2014"]
[Site "Xeraco ESP"]
[Date "2014.11.15"]
[Round "6.3"]
[White "Vanaclocha Llorens, Jose Loren"]
[Black "Canamas Soler, Jose Vicente"]
[Result "1/2-1/2"]
[WhiteElo "1899"]
[BlackElo "1955"]
[PlyCount "70"]
[EventDate "2014.09.27"]
[EventType "swiss"]
[EventRounds "7"]
[EventCountry "ESP"]

1. d4 Nf6 2. c4 e6 3. Nc3 Bb4 4. Qc2 d5 5. e3 O-O 6. Nf3 Nbd7 7. a3 Be7 8. c5
c6 9. Be2 Re8 10. b4 a6 11. O-O Bf8 12. Ne5 Nxe5 13. dxe5 Nd7 14. f4 f6 15.
exf6 Nxf6 16. Bb2 g6 17. Na4 Bg7 18. Nb6 Rb8 19. Bd3 Ng4 20. Rf3 Bxb2 21. Qxb2
Qf6 22. Qxf6 Nxf6 23. h3 Re7 24. Rc1 Nd7 25. Nxd7 Bxd7 26. e4 Rf7 27. e5 Rbf8
28. Rcf1 Kg7 29. h4 Kg8 30. R1f2 Ra8 31. Rb2 Kg7 32. Kf2 Kf8 33. Ke3 Ke7 34. a4
Kd8 35. a5 Ke7 1/2-1/2

[Event "Cto. FACV Ind. Preferente Xeraco 2014"]
[Site "Xeraco ESP"]
[Date "2014.11.15"]
[Round "6.4"]
[White "Frances Saez, Juan Vicente"]
[Black "Oltra Landete, Fidel"]
[Result "1-0"]
[WhiteElo "1985"]
[BlackElo "1980"]
[PlyCount "109"]
[EventDate "2014.09.27"]
[EventType "swiss"]
[EventRounds "7"]
[EventCountry "ESP"]

1. e4 c5 2. c3 d5 3. exd5 Qxd5 4. d4 Nc6 5. Nf3 Bg4 6. dxc5 Qxd1+ 7. Kxd1 e5 8.
Be3 Nf6 9. b4 a5 10. b5 Ne7 11. Kc2 Bxf3 12. gxf3 Nfd5 13. Nd2 Nxe3+ 14. fxe3
Nd5 15. Nc4 Bxc5 16. Nxe5 Nxe3+ 17. Kb2 Rd8 18. Nc4 Nd1+ 19. Kc2 Nxc3 20. Nxa5
Nd5 21. Nxb7 Rc8 22. Nxc5 Rxc5+ 23. Kb2 Kd8 24. Rc1 Rxc1 25. Kxc1 Nb6 26. Bd3
g6 27. Re1 Kd7 28. Be4 Rc8+ 29. Bc6+ Kd6 30. Kb1 Nc4 31. Kc2 Na5 32. Re8 Rc7
33. Rd8+ Ke6 34. Rd3 Nxc6 35. bxc6 Rxc6+ 36. Kb3 Rb6+ 37. Kc4 Rb2 38. a4 Rxh2
39. a5 Ra2 40. Kb5 Rb2+ 41. Kc6 h5 42. a6 Ra2 43. Kb7 Rb2+ 44. Ka8 Ke7 45. Rd4
g5 46. Rd5 f6 47. Rc5 Kd7 48. Rf5 Ke6 49. Rc5 h4 50. Rc7 h3 51. Rb7 Rxb7 52.
axb7 h2 53. b8=Q h1=Q 54. Qe8+ Kf5 55. Qe4# 1-0

[Event "Cto. FACV Ind. Preferente Xeraco 2014"]
[Site "Xeraco ESP"]
[Date "2014.11.15"]
[Round "6.5"]
[White "Sendra Tormo, Juan"]
[Black "Rodriguez Ferrer, Pablo"]
[Result "0-1"]
[WhiteElo "1836"]
[BlackElo "2101"]
[PlyCount "72"]
[EventDate "2014.09.27"]
[EventType "swiss"]
[EventRounds "7"]
[EventCountry "ESP"]

1. e4 e6 2. d4 d5 3. Nc3 Bb4 4. e5 b6 5. Qg4 Bf8 6. Bg5 Qd7 7. g3 Ba6 8. Bh3 h5
9. Qd1 c5 10. Nce2 cxd4 11. Nxd4 Ne7 12. f4 g6 13. Bf6 Rg8 14. Ngf3 Nbc6 15. c3
Na5 16. Ng5 Nf5 17. Bxf5 exf5 18. Kf2 Be7 19. Re1 O-O-O 20. Nxf7 Bxf6 21. Nxd8
Bxd8 22. e6 Qd6 23. b4 Nc4 24. Qa4 b5 25. Qc2 Bb6 26. Rad1 Re8 27. Qe2 Re7 28.
Kg2 Kc7 29. Qf2 Kb8 30. Re2 Bxd4 31. Qxd4 Rxe6 32. Rde1 Re4 33. Qg7 Qb6 34.
Qg8+ Bc8 35. Qf7 Ne3+ 36. Kf3 Nc2 0-1

[Event "Cto. FACV Ind. Preferente Xeraco 2014"]
[Site "Xeraco ESP"]
[Date "2014.11.15"]
[Round "6.6"]
[White "Bonell Selles, Juan"]
[Black "Bas Mas, Miguel"]
[Result "0-1"]
[WhiteElo "1774"]
[BlackElo "2099"]
[PlyCount "78"]
[EventDate "2014.09.27"]
[EventType "swiss"]
[EventRounds "7"]
[EventCountry "ESP"]

1. e4 Nf6 2. e5 Nd5 3. Nc3 Nb6 4. d4 d6 5. exd6 cxd6 6. Bd3 g6 7. Nf3 Bg7 8.
Be3 O-O 9. O-O Nc6 10. a3 e5 11. dxe5 dxe5 12. Bc5 Re8 13. Ne4 Na4 14. Qc1 Nxc5
15. Nxc5 b6 16. Be4 Qc7 17. Nd3 Bb7 18. Re1 Rad8 19. Qg5 f6 20. Qh4 Nd4 21.
Nxd4 Rxd4 22. c3 Bxe4 23. cxd4 Bxd3 24. Rac1 Qe7 25. Qg3 Bf5 26. d5 Qd6 27.
Red1 Bd7 28. h3 f5 29. b4 f4 30. Qc3 e4 31. Qc7 Qxc7 32. Rxc7 Ba4 33. Rdc1 e3
34. fxe3 fxe3 35. Kf1 e2+ 36. Ke1 Be5 37. Rc8 Bg3+ 38. Kd2 e1=Q+ 39. Rxe1 Bxe1+
0-1

[Event "Cto. FACV Ind. Preferente Xeraco 2014"]
[Site "Xeraco ESP"]
[Date "2014.11.15"]
[Round "6.7"]
[White "Fenollar Baenas, Nahim"]
[Black "Company Sancho, Miguel"]
[Result "1-0"]
[WhiteElo "1756"]
[BlackElo "1894"]
[PlyCount "45"]
[EventDate "2014.09.27"]
[EventType "swiss"]
[EventRounds "7"]
[EventCountry "ESP"]

1. d4 Nf6 2. Nf3 g6 3. Bf4 Bg7 4. e3 c6 5. Be2 Qa5+ 6. c3 c5 7. Nbd2 cxd4 8.
exd4 d6 9. O-O Bd7 10. Qb3 Nc6 11. Nc4 Qc7 12. Ne3 Nh5 13. Ng5 e6 14. Bxh5 gxh5
15. Nc4 Bf8 16. d5 Na5 17. Nxa5 Qxa5 18. dxe6 fxe6 19. Nxe6 Ba4 20. Qxb7 Rd8
21. Nxd8 Qxd8 22. Rfe1+ Be7 23. Bg5 1-0

[Event "Cto. FACV Ind. Preferente Xeraco 2014"]
[Site "Xeraco ESP"]
[Date "2014.11.15"]
[Round "6.10"]
[White "De La Calle Llopis, Juan"]
[Black "Serra Ujaldon, Pau"]
[Result "1-0"]
[WhiteElo "2000"]
[BlackElo "1671"]
[PlyCount "91"]
[EventDate "2014.09.27"]
[EventType "swiss"]
[EventRounds "7"]
[EventCountry "ESP"]

1. Nf3 Nf6 2. d4 c5 3. c4 cxd4 4. Nxd4 Nc6 5. Nc3 g6 6. e4 Bg7 7. Be3 O-O 8.
Be2 d6 9. O-O Nxd4 10. Bxd4 Bd7 11. Qd2 a5 12. Rfd1 Bc6 13. f3 Nd7 14. Bf1
Bxd4+ 15. Qxd4 Qb6 16. b3 Qxd4+ 17. Rxd4 Nc5 18. Re1 Rfd8 19. Red1 Re8 20. R4d2
Na6 21. Rb1 Nc7 22. Kf2 Kg7 23. g3 g5 24. Rdd1 Na6 25. Bg2 Nc5 26. Ke3 Rf8 27.
Bh3 Rab8 28. Nd5 Bxd5 29. Rxd5 h6 30. e5 Na6 31. exd6 exd6 32. Rxd6 Rfe8+ 33.
Kf2 Rbd8 34. Rbd1 Rxd6 35. Rxd6 Nb4 36. Rd2 Nc6 37. Bf5 Kf6 38. Be4 Ke5 39.
Rd5+ Ke6 40. Rb5 Nd4 41. Rxb7 f5 42. Bd3 Rd8 43. Rb6+ Ke5 44. Bb1 Nc2 45. Rb5+
Ke6 46. Rd5 1-0

[Event "Cto. FACV Ind. Preferente Xeraco 2014"]
[Site "Xeraco ESP"]
[Date "2014.11.15"]
[Round "6.11"]
[White "Tormo Bas, Gonzalo"]
[Black "Pelegri Castello, Elias"]
[Result "0-1"]
[WhiteElo "1792"]
[BlackElo "1881"]
[PlyCount "74"]
[EventDate "2014.09.27"]
[EventType "swiss"]
[EventRounds "7"]
[EventCountry "ESP"]

1. Nf3 Nf6 2. c4 g6 3. g3 Bg7 4. Bg2 O-O 5. Nc3 d6 6. d3 c5 7. Bd2 Nc6 8. Qc1
Re8 9. Bh6 Bh8 10. h4 Bg4 11. Qg5 e6 12. Nh2 Bh5 13. f3 d5 14. cxd5 exd5 15. g4
Qa5 16. O-O Re5 17. Qf4 Rae8 18. Bg5 R8e6 19. Qg3 Nd4 20. e3 Nc2 21. Bxf6 Bxf6
22. gxh5 Nxa1 23. Rxa1 Rxh5 24. Qb8+ Kg7 25. Ng4 Bxc3 26. bxc3 Qxc3 27. Rb1
Qxd3 28. Qxb7 Rxh4 29. Qb2+ d4 30. Rc1 Rb6 31. Qa1 h5 32. Rd1 Qc3 33. Qxc3 dxc3
34. Ne5 c2 35. Rf1 Rb1 36. Nd3 Rd1 37. Nc1 Rb4 0-1

[Event "Cto. FACV Ind. Preferente Xeraco 2014"]
[Site "Xeraco ESP"]
[Date "2014.11.15"]
[Round "6.12"]
[White "Castello Castello, Juan Jose"]
[Black "Morant Gomar, Sergio"]
[Result "0-1"]
[WhiteElo "1753"]
[BlackElo "1709"]
[PlyCount "60"]
[EventDate "2014.09.27"]
[EventType "swiss"]
[EventRounds "7"]
[EventCountry "ESP"]

1. Nf3 Nf6 2. c4 e6 3. Nc3 d5 4. cxd5 exd5 5. d4 Nc6 6. g3 Bg4 7. Bg2 Bd6 8.
O-O Qd7 9. Bg5 Be7 10. Qb3 Na5 11. Qd1 Nc6 12. Re1 Ne4 13. Bxe7 Nxc3 14. bxc3
Nxe7 15. Qd2 O-O 16. Qf4 Ng6 17. Ne5 Nxf4 18. Nxd7 Nxg2 19. Nxf8 Nxe1 20. Rxe1
Kxf8 21. e3 Bf3 22. Rb1 b6 23. h3 Re8 24. a3 Re6 25. g4 h5 26. g5 Rg6 27. h4 f6
28. Kh2 fxg5 29. Rg1 g4 30. Kg3 Rf6 0-1

[Event "Cto. FACV Ind. Preferente Xeraco 2014"]
[Site "Xeraco ESP"]
[Date "2014.11.22"]
[Round "7.1"]
[White "Canamas Soler, Jose Vicente"]
[Black "Castillo Pla, Emilio"]
[Result "1/2-1/2"]
[WhiteElo "1955"]
[BlackElo "1903"]
[PlyCount "178"]
[EventDate "2014.09.27"]
[EventType "swiss"]
[EventRounds "7"]
[EventCountry "ESP"]

1. Nf3 g6 2. g3 Bg7 3. Bg2 Nf6 4. O-O d6 5. d4 O-O 6. c4 Nc6 7. Nc3 a6 8. h3
Bd7 9. e4 e5 10. d5 Ne7 11. Be3 Nh5 12. c5 Qe8 13. Nd2 f5 14. cxd6 cxd6 15. Bg5
b5 16. Bxe7 Qxe7 17. exf5 b4 18. Nce4 Bb5 19. Re1 Rac8 20. Qg4 Bd7 21. Qg5 Qxg5
22. Nxg5 gxf5 23. Rac1 Bb5 24. Ne6 Rfe8 25. Nc7 Red8 26. Nxb5 axb5 27. Bf1 e4
28. Bxb5 Bxb2 29. Rxc8 Rxc8 30. Nc4 Bc3 31. Re2 Rd8 32. Rc2 Bd4 33. Kf1 f4 34.
g4 Nf6 35. Bc6 h6 36. Ke2 Kg7 37. Na5 Rc8 38. Rc4 f3+ 39. Kf1 Be5 40. Rxb4 Nxd5
41. Rxe4 Nc3 42. Rc4 Rf8 43. a4 d5 44. Rb4 Rd8 45. Nb3 Rc8 46. Bd7 Rc7 47. Bf5
Na2 48. Rb5 Nc3 49. Rb4 Kf6 50. Ke1 Kg5 51. Nd4 Re7 52. Kd2 Ne4+ 53. Bxe4 dxe4
54. Rb5 Kf6 55. Nf5 Bf4+ 56. Ke1 Rc7 57. Rb1 Rc2 58. Kf1 Ra2 59. Ne3 Ke5 60. a5
Kd4 61. Rd1+ Kc5 62. Nd5 Bd2 63. Nf6 Kd4 64. a6 Ke5 65. Nd7+ Kf4 66. a7 Rxa7
67. Nb6 e3 68. Nd5+ Ke4 69. Nxe3 Bxe3 70. Re1 Kf4 71. Rxe3 Ra1+ 72. Re1 Ra2 73.
Re3 Ra1+ 74. Re1 Ra3 75. Kg1 Ra2 76. Rf1 Re2 77. Kh2 Rd2 78. Kg1 Kg5 79. Rc1
Kh4 80. Rc5 Kxh3 81. Rh5+ Kxg4 82. Rxh6 Rd1+ 83. Kh2 Rf1 84. Rg6+ Kf5 85. Rg3
Kf4 86. Rg8 Rxf2+ 87. Kg1 Ra2 88. Kf1 Ke3 89. Re8+ Kf4 1/2-1/2

[Event "Cto. FACV Ind. Preferente Xeraco 2014"]
[Site "Xeraco ESP"]
[Date "2014.11.22"]
[Round "7.2"]
[White "Frances Saez, Juan Vicente"]
[Black "Barbero Verdu, Francisco"]
[Result "0-1"]
[WhiteElo "1985"]
[BlackElo "2051"]
[PlyCount "50"]
[EventDate "2014.09.27"]
[EventType "swiss"]
[EventRounds "7"]
[EventCountry "ESP"]

1. e4 d6 2. d4 Nf6 3. Nc3 g6 4. f4 Bg7 5. Nf3 c6 6. Bd3 Qc7 7. O-O O-O 8. e5
dxe5 9. fxe5 Nd5 10. Ne4 Bf5 11. Qe1 Nd7 12. Qh4 f6 13. Bh6 Qb6 14. Kh1 Rae8
15. Neg5 Bxd3 16. Bxg7 h5 17. Bxf8 Bxf1 18. Rxf1 fxg5 19. Qxg5 Nxf8 20. e6 Nf6
21. Qh6 Ng4 22. Qf4 Nxe6 23. Qe4 Nf8 24. Ng5 Nf6 25. Qe3 Qb5 0-1

[Event "Cto. FACV Ind. Preferente Xeraco 2014"]
[Site "Xeraco ESP"]
[Date "2014.11.22"]
[Round "7.4"]
[White "Rodriguez Ferrer, Pablo"]
[Black "Vanaclocha Llorens, Jose Loren"]
[Result "1-0"]
[WhiteElo "2101"]
[BlackElo "1899"]
[PlyCount "71"]
[EventDate "2014.09.27"]
[EventType "swiss"]
[EventRounds "7"]
[EventCountry "ESP"]

1. e4 c5 2. Nc3 d6 3. g3 Nc6 4. Bg2 g6 5. d3 Bg7 6. f4 Rb8 7. Nf3 b5 8. O-O e6
9. Rb1 b4 10. Ne2 Nf6 11. h3 a5 12. Be3 Ba6 13. Qd2 Nd7 14. f5 Nce5 15. fxe6
Nxf3+ 16. Bxf3 fxe6 17. Nf4 Qe7 18. Bg4 Nf8 19. a3 h5 20. Bf3 Bb7 21. axb4 axb4
22. c3 e5 23. Nd5 Bxd5 24. exd5 Bf6 25. Be4 Rg8 26. Ra1 bxc3 27. bxc3 Nh7 28.
Ra6 Qd7 29. Kh2 Ke7 30. Rfa1 Rb7 31. Bxc5 dxc5 32. d6+ Kf7 33. Bxb7 Ng5 34.
Bd5+ Kf8 35. Ra8+ Bd8 36. Rxd8+ 1-0

[Event "Cto. FACV Ind. Preferente Xeraco 2014"]
[Site "Xeraco ESP"]
[Date "2014.11.22"]
[Round "7.5"]
[White "Bas Mas, Miguel"]
[Black "Fenollar Baenas, Nahim"]
[Result "1-0"]
[WhiteElo "2099"]
[BlackElo "1756"]
[PlyCount "67"]
[EventDate "2014.09.27"]
[EventType "swiss"]
[EventRounds "7"]
[EventCountry "ESP"]

1. Nf3 d5 2. b3 Nf6 3. Bb2 e6 4. e3 c5 5. Be2 Nc6 6. O-O Bd6 7. c4 O-O 8. d4
cxd4 9. exd4 Ne4 10. Nbd2 f5 11. Ne5 Nxe5 12. dxe5 Bc5 13. Nf3 b6 14. a3 a5 15.
cxd5 exd5 16. Nd4 Qe7 17. f3 Ng5 18. Kh1 Bb7 19. Bd3 g6 20. Re1 Ne6 21. Nxe6
Qxe6 22. Qd2 f4 23. Rad1 Be3 24. Rxe3 fxe3 25. Qxe3 Rac8 26. Bd4 Rc6 27. f4 Qg4
28. Rf1 Rf7 29. h3 Qe6 30. g4 Qe8 31. f5 Bc8 32. e6 Bxe6 33. Qe5 Kf8 34. Re1
1-0

[Event "Cto. FACV Ind. Preferente Xeraco 2014"]
[Site "Xeraco ESP"]
[Date "2014.11.22"]
[Round "7.6"]
[White "Soler Nadal, Jose Antonio"]
[Black "De La Calle Llopis, Juan"]
[Result "1/2-1/2"]
[WhiteElo "1824"]
[BlackElo "2000"]
[PlyCount "39"]
[EventDate "2014.09.27"]
[EventType "swiss"]
[EventRounds "7"]
[EventCountry "ESP"]

1. Nf3 Nf6 2. d4 d5 3. e3 Bg4 4. c4 c6 5. Nc3 e6 6. Be2 Nbd7 7. O-O Bd6 8. cxd5
exd5 9. Qc2 O-O 10. e4 dxe4 11. Nxe4 Nxe4 12. Qxe4 Nf6 13. Qd3 Qc7 14. g3 h6
15. Nh4 Qd7 16. Bxg4 Qxg4 17. Nf5 Qh3 18. Qf3 Rad8 19. Nxh6+ Kh8 20. Bg5
1/2-1/2

[Event "Cto. FACV Ind. Preferente Xeraco 2014"]
[Site "Xeraco ESP"]
[Date "2014.11.22"]
[Round "7.7"]
[White "Oltra Landete, Fidel"]
[Black "Torres Miras, Manuel"]
[Result "0-1"]
[WhiteElo "1980"]
[BlackElo "1870"]
[PlyCount "74"]
[EventDate "2014.09.27"]
[EventType "swiss"]
[EventRounds "7"]
[EventCountry "ESP"]

1. e4 c5 2. Nc3 d6 3. f4 Nc6 4. Nf3 Bg4 5. Bc4 Nf6 6. O-O a6 7. Qe1 Bxf3 8.
gxf3 b5 9. Bd5 Nxd5 10. Nxd5 e6 11. Ne3 Be7 12. c3 h5 13. f5 h4 14. Kh1 Bf6 15.
b3 Qe7 16. Bb2 O-O-O 17. Qe2 Kb7 18. Rfe1 h3 19. Rad1 g6 20. d4 gxf5 21. exf5
Bh4 22. Rg1 exf5 23. Qd3 f4 24. Nf5 Qf6 25. Rg7 Rh5 26. Rg4 Re8 27. dxc5 Rxf5
28. Qd2 d5 29. c4 d4 30. cxb5 axb5 31. Qd3 Rxc5 32. Qh7 Bg5 33. Qxh3 Rh8 34.
Qg2 Qf5 35. Rd2 Qb1+ 36. Qg1 Qxg1+ 37. Kxg1 Ne5 0-1

[Event "Cto. FACV Ind. Preferente Xeraco 2014"]
[Site "Xeraco ESP"]
[Date "2014.11.22"]
[Round "7.8"]
[White "Company Sancho, Miguel"]
[Black "Garcia Requena, Joan"]
[Result "1/2-1/2"]
[WhiteElo "1894"]
[BlackElo "1775"]
[PlyCount "48"]
[EventDate "2014.09.27"]
[EventType "swiss"]
[EventRounds "7"]
[EventCountry "ESP"]

1. d4 Nf6 2. c4 c5 3. d5 Ne4 4. Nf3 Qa5+ 5. Bd2 Nxd2 6. Qxd2 Qxd2+ 7. Kxd2 g6
8. Nc3 a6 9. e4 d6 10. h3 Nd7 11. Bd3 Bg7 12. a4 Rb8 13. Rhe1 Ne5 14. Nxe5 Bxe5
15. g3 Bxh3 16. f4 Bd4 17. e5 Kd7 18. Ne4 h6 19. Rab1 Bf5 20. b3 b6 21. Re2
dxe5 22. fxe5 Bg4 23. Ree1 Bf5 24. Re2 Bg4 1/2-1/2

[Event "Cto. FACV Ind. Preferente Xeraco 2014"]
[Site "Xeraco ESP"]
[Date "2014.11.22"]
[Round "7.9"]
[White "Cortell Canet, Miguel"]
[Black "Sendra Tormo, Juan"]
[Result "1/2-1/2"]
[WhiteElo "1785"]
[BlackElo "1836"]
[PlyCount "53"]
[EventDate "2014.09.27"]
[EventType "swiss"]
[EventRounds "7"]
[EventCountry "ESP"]

1. c4 Nf6 2. Nf3 c5 3. Nc3 Nc6 4. e3 d5 5. cxd5 Nxd5 6. Bc4 Nb6 7. Bb5 Bd7 8.
O-O Qc7 9. d4 e6 10. dxc5 Bxc5 11. Ne4 Be7 12. Qe2 a6 13. Bd3 Nb4 14. Nc3 Nxd3
15. Qxd3 O-O 16. b3 Bf6 17. Bb2 Rac8 18. Rac1 Qb8 19. Rfd1 Rfd8 20. Qe2 Bc6 21.
Nd4 Bxd4 22. Rxd4 Rxd4 23. exd4 Nd5 24. Nxd5 Bxd5 25. Qe5 Rxc1+ 26. Bxc1 Qc8
27. Ba3 1/2-1/2

[Event "Cto. FACV Ind. Preferente Xixona 2014"]
[Site "Xixona ESP"]
[Date "2014.09.27"]
[Round "1.1"]
[White "Cano Romero, Jose Miguel"]
[Black "Galiana Montolio, Jose Luis"]
[Result "1-0"]
[WhiteElo "1859"]
[BlackElo "1459"]
[PlyCount "63"]
[EventDate "2014.09.27"]
[EventType "swiss"]
[EventRounds "7"]
[EventCountry "ESP"]
[Source "lmi"]
[SourceDate "2014.09.27"]

1. e4 e5 2. Nf3 Nf6 3. d4 exd4 4. Bc4 Nc6 5. e5 d5 6. exd6 Bxd6 7. O-O O-O 8.
Bg5 Bg4 9. Nbd2 Re8 10. Re1 Be7 11. h3 Bh5 12. Bb5 Nd5 13. Bxe7 Rxe7 14. Bxc6
bxc6 15. Ne4 h6 16. Qxd4 Bxf3 17. gxf3 Qe8 18. Kf1 Qd7 19. Ng3 Qxh3+ 20. Kg1
Rae8 21. Rxe7 Rxe7 22. c4 Nf6 23. Qd8+ Re8 24. Qxc7 Qd7 25. Qxd7 Nxd7 26. b3 c5
27. Rd1 Nb6 28. Ne4 Rc8 29. Kg2 Kf8 30. Kg3 f5 31. Nc3 a6 32. Rd6 1-0

[Event "Cto. FACV Ind. Preferente Xixona 2014"]
[Site "Xixona ESP"]
[Date "2014.09.27"]
[Round "1.2"]
[White "Cordoba Cardona, Jose Vicente"]
[Black "Ballester Pomata, Miguel Angel"]
[Result "0-1"]
[WhiteElo "1454"]
[BlackElo "1857"]
[PlyCount "120"]
[EventDate "2014.09.27"]
[EventType "swiss"]
[EventRounds "7"]
[EventCountry "ESP"]
[Source "lmi"]
[SourceDate "2014.09.27"]

1. e4 e6 2. Nf3 d5 3. exd5 exd5 4. g3 Nf6 5. Bg2 Bd6 6. d3 O-O 7. Nbd2 Re8+ 8.
Kf1 Bg4 9. h3 Bd7 10. b3 Na6 11. Bb2 c6 12. c4 Rc8 13. Qc2 Bf5 14. Qc3 Bb4 15.
Qd4 c5 16. Qf4 Bxd3+ 17. Kg1 d4 18. Ne5 Bxd2 19. Qxd2 Be4 20. Bxe4 Nxe4 21. Qf4
Qc7 22. Nd3 Nf6 23. Qxc7 Rxc7 24. Kg2 Re2 25. Rae1 Rce7 26. Ba3 b6 27. Rxe2
Rxe2 28. Nf4 Re8 29. Rd1 g5 30. Nd3 Re2 31. Bb2 Nd7 32. a3 Ne5 33. Bc1 Nxd3 34.
Rxd3 f6 35. Kf3 Re6 36. Bd2 Kf7 37. b4 Nb8 38. h4 Nc6 39. Kg2 Ne5 40. Rb3 Nxc4
41. Bc1 Re1 42. Bb2 Re2 43. hxg5 Rxb2 44. Rf3 cxb4 45. axb4 Ne3+ 46. Kh3 Nd5
47. gxf6 Rxb4 48. g4 Rc4 49. Rf5 Rc5 50. Kh4 Nxf6 51. Rf4 Kg6 52. Rxd4 Rd5 53.
Ra4 a5 54. f4 h6 55. f5+ Kg7 56. Rc4 b5 57. Rc7+ Rd7 58. Rc5 Rb7 59. g5 hxg5+
60. Kxg5 a4 0-1

[Event "Cto. FACV Ind. Preferente Xixona 2014"]
[Site "Xixona ESP"]
[Date "2014.09.27"]
[Round "1.3"]
[White "Campos Gutierrez, Luis Maria"]
[Black "Paya Leal, Antonio"]
[Result "1-0"]
[WhiteElo "1844"]
[BlackElo "1448"]
[PlyCount "69"]
[EventDate "2014.09.27"]
[EventType "swiss"]
[EventRounds "7"]
[EventCountry "ESP"]
[Source "lmi"]
[SourceDate "2014.09.27"]

1. d4 e6 2. e4 d5 3. Nc3 Nf6 4. Bg5 Be7 5. e5 Nfd7 6. Bxe7 Qxe7 7. f4 c5 8. Nb5
Qd8 9. Nd6+ Ke7 10. Qd2 f6 11. Bb5 Nc6 12. Bxc6 bxc6 13. Nf3 cxd4 14. Qxd4 fxe5
15. fxe5 Qa5+ 16. c3 Nb6 17. Qh4+ Kd7 18. Qf4 Kc7 19. Qf7+ Bd7 20. Nd4 Rhe8 21.
Nxe8+ Rxe8 22. O-O c5 23. Nb3 Qb5 24. Qxg7 c4 25. Nd4 Qxb2 26. Rab1 Qd2 27.
Nb5+ Kb8 28. Nd6 Rd8 29. Qe7 Kc7 30. Nb5+ Kb7 31. Qxd8 Bxb5 32. Rf7+ Ka6 33.
Qb8 Qe3+ 34. Kh1 Nd7 35. Qxb5# 1-0

[Event "Cto. FACV Ind. Preferente Xixona 2014"]
[Site "Xixona ESP"]
[Date "2014.09.27"]
[Round "1.4"]
[White "Miralles Birlanga, Lorenzo"]
[Black "Miquel Juan, Marcelo"]
[Result "0-1"]
[WhiteElo "1440"]
[BlackElo "1842"]
[PlyCount "68"]
[EventDate "2014.09.27"]
[EventType "swiss"]
[EventRounds "7"]
[EventCountry "ESP"]
[Source "lmi"]
[SourceDate "2014.09.27"]

1. c4 Nf6 2. Nc3 d5 3. cxd5 Nxd5 4. g3 g6 5. Bg2 Nb6 6. b3 Bg7 7. Bb2 O-O 8.
Qc2 Nc6 9. Nf3 Bf5 10. d3 a5 11. O-O Qd7 12. a3 e5 13. Rfd1 Be6 14. Ne4 a4 15.
Nc5 axb3 16. Nxb3 Na4 17. Nc5 Nxc5 18. Qxc5 Ra5 19. Qc2 Rfa8 20. e3 Bf5 21. Qd2
Qe6 22. Ng5 Qe7 23. Ne4 Kh8 24. d4 exd4 25. exd4 Bxe4 26. Re1 f5 27. f3 Qd8 28.
fxe4 Bxd4+ 29. Bxd4+ Qxd4+ 30. Qxd4+ Nxd4 31. exf5 Nc2 32. f6 Nxe1 33. Rxe1 c6
34. Re7 Rf5 0-1

[Event "Cto. FACV Ind. Preferente Xixona 2014"]
[Site "Xixona ESP"]
[Date "2014.09.27"]
[Round "1.5"]
[White "Amat Cerda, Andres"]
[Black "Rubio Quintanilla Alcala, Samu"]
[Result "1-0"]
[WhiteElo "1791"]
[BlackElo "1369"]
[PlyCount "73"]
[EventDate "2014.09.27"]
[EventType "swiss"]
[EventRounds "7"]
[EventCountry "ESP"]
[Source "lmi"]
[SourceDate "2014.09.27"]

1. e4 c6 2. c4 d5 3. exd5 cxd5 4. cxd5 Qxd5 5. Nc3 Qd8 6. d4 e6 7. Nf3 Bb4 8.
Ne5 Nf6 9. Qa4+ Nc6 10. Nxc6 Bxc3+ 11. bxc3 Bd7 12. Nxd8 Bxa4 13. Nxb7 O-O 14.
Nc5 Bc6 15. f3 Rab8 16. Be2 Rfe8 17. Kf2 Nd5 18. Bd2 Rb2 19. Nb3 Ba4 20. Rhd1
Bxb3 21. axb3 Rxb3 22. c4 Nc3 23. Bxc3 Rxc3 24. Rxa7 h6 25. Rb1 Rd8 26. Rbb7
Rxd4 27. Rxf7 Rc2 28. Rxg7+ Kf8 29. Rh7 Kg8 30. Rhe7 Rd8 31. Rxe6 Rb8 32. Kg3
Rd8 33. Rc7 Rb8 34. Bd3 Rc3 35. Bh7+ Kf8 36. Rg6 h5 37. Rg8# 1-0

[Event "Cto. FACV Ind. Preferente Xixona 2014"]
[Site "Xixona ESP"]
[Date "2014.09.27"]
[Round "1.6"]
[White "Sanchez Segura, Manuel"]
[Black "Aledo Yanguas, Javier"]
[Result "0-1"]
[WhiteElo "1333"]
[BlackElo "1761"]
[PlyCount "66"]
[EventDate "2014.09.27"]
[EventType "swiss"]
[EventRounds "7"]
[EventCountry "ESP"]
[Source "lmi"]
[SourceDate "2014.09.27"]

1. c4 c6 2. Nc3 d5 3. cxd5 cxd5 4. d4 Nc6 5. e3 Nf6 6. Nf3 Bg4 7. Be2 e6 8. a3
Rc8 9. Bd2 Qb6 10. b4 Bd6 11. Rc1 O-O 12. O-O Bf5 13. Be1 Ne4 14. Bd3 Nxc3 15.
Rxc3 Bxd3 16. Qxd3 h6 17. Bd2 Rc7 18. b5 Na5 19. Rxc7 Qxc7 20. Rc1 Nc4 21. a4
Qb6 22. Qb3 a6 23. Rb1 Qc7 24. Bb4 Rc8 25. Bxd6 Nxd6 26. bxa6 bxa6 27. Qd1 Ne4
28. Ra1 Qc2 29. Qe1 Rc4 30. a5 Qb2 31. Rb1 Qc3 32. Qxc3 Rxc3 33. Ne1 Ra3 0-1